Sanchara sahithyam malayalathil/ (Record no. 181942)

000 -LEADER
fixed length control field 00456nam a22001697a 4500
020 ## - INTERNATIONAL STANDARD BOOK NUMBER
ISBN 9789361009150
082 ## - DEWEY DECIMAL CLASSIFICATION NUMBER
Classification number M080 32
Item number RAM/S
100 ## - MAIN ENTRY--AUTHOR NAME
Personal name Ramesh Chandran V
245 ## - TITLE STATEMENT
Title Sanchara sahithyam malayalathil/
Statement of responsibility, etc by Ramesh Chandran V
250 ## - EDITION STATEMENT
Edition statement 2nd.
260 ## - PUBLICATION, DISTRIBUTION, ETC. (IMPRINT)
Place of publication Thiruvananthapuram:
Name of publisher Kerala Bhasha Institute,
Year of publication 2025.
300 ## - PHYSICAL DESCRIPTION
Number of Pages 296p.
650 ## - SUBJECT ADDED ENTRY--TOPICAL TERM
Topical Term Travelogue Malayalam
650 ## - SUBJECT ADDED ENTRY--TOPICAL TERM
Topical Term Literature Malayalam
650 ## - SUBJECT ADDED ENTRY--TOPICAL TERM
Topical Term Literature
942 ## - ADDED ENTRY ELEMENTS (KOHA)
Koha item type Book
Holdings
Withdrawn status Lost status Damaged status Not for loan Permanent Location Current Location Shelving location Date acquired Cost, normal purchase price Full call number Accession Number Price effective from Koha item type
        Sree Sankaracharya University of Sanskrit Sree Sankaracharya University of Sanskrit Stacks 02.06.2026 280.00 M080 32 RAM/S 109105 02.06.2026 Book